| 000 | 00645nam a2200229Ia 4500 | ||
|---|---|---|---|
| 005 | 20250425162844.0 | ||
| 008 | 250425s9999 xx 000 0 und d | ||
| 020 | _a9788416454150 | ||
| 041 | _aspa | ||
| 082 |
_a650 _pHAR |
||
| 110 | _aHarvard business review | ||
| 245 | 0 |
_aCreación de un plan de negocio _cHarvard Business Review |
|
| 250 | _aManager en 20 minutos | ||
| 260 |
_aBarcelona _bEDITORIAL SOL 90 _c2017 |
||
| 300 | _a95 paginas | ||
| 500 | _aContiene anexos y objetivos, fuentes | ||
| 650 | _aPlan de negocios | ||
| 650 | _aRiesgo financiero | ||
| 902 |
_aBibliográfico _cImpreso |
||
| 942 | _c01 | ||
| 010 | _a114391 | ||
| 999 |
_c237840 _d237840 |
||